00000000nam##2200000za#4500
0019.639912
003CaOODSP
00520210624222416
007cr |||||||||||
008150407|1991||||xxc|||||o    f|0| 0 fre|d
040 |aCaOODSP|bfre
043 |an-cn---
0861 |aH42-2/47-1991F-PDF
1101 |aCanada.|bSanté Canada. |bDirection des produits thérapeutiques.
24510|aDirection des médicaments questions et réponses / |h[ressource électronique]|cpréparé sous la direction du Programme des produits thérapeutiques, Santé Canada.
260 |aOttawa - Ontario : |bSanté Canada. |cJanvier 1991.
300 |a61p.|bfigures
500 |a«Le présent ouvrage [...] a comme but d'aider les fabricants, les distributeurs et les importateurs de médicaments à trouver rapidement les réponses aux questions le plus souvent posées au personnel de la Direction. [...] L'ouvrage renferme des renseignements sur l'interprétation de la Loi et du Règlement sur les aliments et drogues, et du Règlement sur les cosmétiques et sur ordonnance et en vente libre, l'importation et l'exportation de produits pharmaceutiques, et la présentation d'échantillons en vue de l'approbation de la direction générale.»-- Page iv.
500 |a«Veuillez prendre note que le document qui suit n'est PAS une nouvelle ligne directrice du Programme des produits thérapeutiques. Cette ligne directrice n'existe plus sur papier. Nous l'offrons cependant sous forme électronique aux clients et intervenants qui le souhaitent.»--p.1 de 61. Le nº de catalogue (H42-2/47-1991) et l'ISBN (0-662-58022-2) de l'édition imprimée bilingue ont été incorrectement copiés dans cette édition électronique.
5203 |aLe présent ouvrage [...] a comme but d'aider les fabricants, les distributeurs et les importateurs de médicaments à trouver rapidement les réponses aux questions le plus souvent posées au personnel de la Direction. [...] L'ouvrage renferme des renseignements sur l'interprétation de la Loi et du Règlement sur les aliments et drogues, et du Règlement sur les cosmétiques et sur ordonnance et en vente libre, l'importation et l'exportation de produits pharmaceutiques, et la présentation d'échantillons en vue de l'approbation de la direction générale.-- Page iv
590 |a12-17-Supp|b2012-04-20
69107|aPolitique gouvernementale|2gcpds
69107|aMédicament|2gcpds
69107|aIndustrie pharmaceutique|2gcpds
77508|tTherapeutic Products Programme questions and answers / |w(CaOODSP)9.695823
7760#|tDrugs Directorate: questions and answers / |w(CaOODSP)9.654327
7760#|tDirection des médicaments: questions et réponses / |w(CaOODSP)9.654328
85640|ahttp://publications.gc.ca|qPDF|s210 Ko|uhttps://publications.gc.ca/collections/Collection/H42-2-47-1991F.pdf